| 000 | 00687nam a2200193 i 4500 | ||
|---|---|---|---|
| 001 | 46822 | ||
| 003 | ES-MaACL | ||
| 005 | 20250925162403.0 | ||
| 008 | 030401s1939 sp |||| | spa d | ||
| 245 | 0 | 3 |
_aLa conquista del Estado / _cantología y prólogo de Juan Aparicio. |
| 260 |
_aBarcelona : _bFé, _c1939. |
||
| 300 |
_aXIII, 335 p. ; _c22 cm. |
||
| 490 | 1 |
_aSemanario de lucha y de información política ; _vaño I, n. 1 |
|
| 650 | 7 |
_aNacionalsindicalismo _2embne _9158045 |
|
| 700 | 1 |
_aAparicio, Juan, _d1906- _922051 |
|
| 830 | 0 |
_aSemanario de lucha y de información política ; _vaño I, n. 1 _9229993 |
|
| 852 |
_aES-MaACL _jA-4785 |
||
| 999 |
_c46822 _d46822 |
||